00386nam a2200145Ia 4500008004100000020001500041041001200056082001600068100001400084245006300098260003600161300000800197650001600205700001900221221030s9999 xx 000 0 und d a8178081024 aEnglish a105.23bAho aA. V. Aho 0aData Structures & Algorithmscby A. V. Aho, J. E. Hopcroft bAddison WesleyaNew Delhic2001 a427 aBE Computer aJ. E. Hopcroft